| 000 | 00617nam a22002297a 4500 | ||
|---|---|---|---|
| 001 | 7964 | ||
| 003 | FISKH | ||
| 005 | 20250815105239.0 | ||
| 008 | 250815b cb ||||| |||| 00| 0 eng d | ||
| 020 | _a9781604724271 | ||
| 040 |
_aFISKH _beng _cFISKH _dFISKH |
||
| 050 | _aQL508.T4 K37 | ||
| 082 | _a595.7 | ||
| 100 | _aKarapetkova, Holly | ||
| 245 | _aKatydid? | ||
| 260 |
_aNew York : _bRourke Publishing, _c2009. |
||
| 300 |
_a14 unnumbered pages : _b color illustrations ; _c16 cm |
||
| 505 | _aNP | ||
| 520 | _aDescribes the activities of a katydid in rhyme. | ||
| 942 |
_2ddc _cBK _n0 |
||
| 999 |
_c7964 _d7964 |
||